000 02277cam a2200181 4500500
005 20260208013548.0
041 _afre
042 _adc
100 1 0 _aMoriset, Claire
_eauthor
700 1 0 _aMiège, Bernard
_eauthor
245 0 0 _aLes industries du contenu sur la scène médiatique
260 _c2005.
500 _a13
520 _aDans un contexte technologique, politico-économique et financier très évolutif, les industries de la culture et de l’information connaissent de profondes mutations : une financiarisation croissante soulevant la question du pluralisme des idées et de la démocratie ; un processus de concentration portant atteinte, de fait, à la production indépendante ; une accélération de l’internationalisation ; une montée en puissance du phénomène publicitaire ; un développement de la multi-médiatisation entraînant de nouvelles pratiques culturelles et de consommation ; un questionnement quant à la politique culturelle. Cet article montre de quelle manière la presse, assez homogène dans l’ensemble, rend compte de ces mutations, relaye l’information et communique le sens qu’elle donne aux événements. Ce traitement assez conventionnel ne laisse que très peu de place aux interrogations provenant des chercheurs.
520 _aCONTENT INDUSTRIES ON THE MEDIA SCENE In a fast-changing technological, politico-economic and financial context, the culture and information industries are undergoing profound change characterized by: increasing financialization that raises the question of pluralism of ideas and democracy; a process of concentration that de facto undermines independent production; an acceleration of internationalization; an upsurge of advertising; the development of multi-mediatization entailing new cultural practices and consumption; and the questioning of cultural policy. This article shows how the press, on the whole fairly uniform, accounts for these changes, relays information and communicates the meaning it gives to events. Such conventional treatment leaves very little space for questions by researchers.
786 0 _nRéseaux | 131 | 3 | 2005-07-01 | p. 145-185 | 0751-7971
856 4 1 _uhttps://shs.cairn.info/revue-reseaux1-2005-3-page-145?lang=fr&redirect-ssocas=7080
999 _c1660362
_d1660362